Splatoon 3 Weapons - Statistics

General Stats
  • This quiz has been taken 230 times
  • The average score is 71 of 144
Answer Stats
Category Image Weapon % Correct
Shooters Splattershot
95%
Shooters Splattershot Jr.
89%
Shooters Aerospray MG
79%
Shooters N-ZAP '85
79%
Shooters Sploosh-o-matic
78%
Shooters Hero Shot Replica
76%
Sloshers Slosher
76%
Shooters Splash-o-matic
74%
Sloshers Tri-Slosher
73%
Shooters .52 Gal
71%
Shooters Splattershot Pro
71%
Rollers Splat Roller
70%
Shooters Tentatek Splattershot
70%
Rollers Carbon Roller
69%
Shooters .96 Gal
68%
Blasters Blaster
68%
Blasters Luna Blaster
68%
Rollers Dynamo Roller
66%
Shooters Jet Squelcher
66%
Shooters Custom Splattershot Jr.
65%
Brushes Octobrush
64%
Brushes Inkbrush
62%
Sub Weapons Splat Bomb
62%
Chargers Splat Charger
62%
Chargers E-liter 4K
61%
Sloshers Explosher
61%
Sub Weapons Burst Bomb
60%
Rollers Flingza Roller
60%
Sub Weapons Ink Mine
60%
Brellas Tenta Brella
60%
Sloshers Bloblobber
59%
Sub Weapons Curling Bomb
59%
Blasters Range Blaster
59%
Blasters Rapid Blaster
59%
Sloshers Sloshing Machine
59%
Dualies Splat Dualies
59%
Shooters Splattershot Nova
59%
Splatlings Heavy Splatling
58%
Splatlings Hydra Splatling
58%
Shooters Neo Sploosh-o-matic
58%
Shooters Squeezer
58%
Sub Weapons Suction Bomb
58%
Stringers Tri-Stringer
58%
Sub Weapons Autobomb
57%
Blasters Clash Blaster
57%
Special Weapons Kraken Royale
57%
Brellas Undercover Brella
57%
Chargers Bamboozler 14 Mk I
56%
Splatlings Mini Splatling
56%
Shooters Neo Splash-o-matic
56%
Splatanas Splatana Wiper
56%
Brellas Splat Brella
56%
Shooters Aerospray RG
55%
Special Weapons Booyah Bomb
55%
Splatlings Ballpoint Splatling
54%
Sloshers Dread Wringer
54%
Chargers Goo Tuber
54%
Dualies Glooga Dualies
53%
Splatlings Nautilus 47
53%
Sloshers Slosher Deco
53%
Rollers Big Swig Roller
52%
Rollers Carbon Roller Deco
52%
Chargers Classic Squiffer
52%
Special Weapons Crab Tank
52%
Chargers E-liter 4K Scope
52%
Rollers Krak-On Splat Roller
52%
Brushes Painbrush
52%
Chargers Splatterscope
52%
Sub Weapons Sprinkler
52%
Sub Weapons Fizzy Bomb
51%
Rollers Gold Dynamo Roller
51%
Sub Weapons Toxic Mist
51%
Shooters .96 Gal Deco
50%
Dualies Dapple Dualies
50%
Shooters Forge Splattershot Pro
50%
Shooters L-3 Nozzlenose
50%
Sub Weapons Torpedo
50%
Stringers REEF-LUX 450
49%
Shooters H-3 Nozzlenose
48%
Special Weapons Inkjet
48%
Special Weapons Ink Vac
48%
Special Weapons Killer Wail 5.1
48%
Other Weapons Rainmaker
48%
Blasters S-BLAST '92
48%
Splatanas Splatana Stamper
48%
Shooters Custom Jet Squelcher
47%
Dualies Dark Tetra Dualies
47%
Special Weapons Ink Storm
47%
Sub Weapons Point Sensor
46%
Special Weapons Reefslider
46%
Blasters Custom Blaster
45%
Special Weapons Triple Splashdown
45%
Sloshers Bloblobber Deco
44%
Dualies Dualie Squelchers
43%
Splatlings Heavy Edit Splatling
43%
Chargers Snipewriter 5H
43%
Sub Weapons Splash Wall
43%
Chargers Z+F Splat Charger
43%
Blasters Rapid Blaster Pro
42%
Special Weapons Big Bubbler
41%
Blasters Luna Blaster Neo
41%
Special Weapons Trizooka
41%
Chargers Z+F Splatterscope
41%
Sloshers Sloshing Machine Neo
40%
Sub Weapons Squid Beakon
40%
Shooters Annaki Splattershot Nova
39%
Dualies Enperry Splat Dualies
39%
Shooters Foil Squeezer
39%
Dualies Light Tetra Dualies
39%
Special Weapons Tacticooler
39%
Special Weapons Triple Inkstrike
39%
Special Weapons Wave Breaker
39%
Splatlings Heavy Splatling Deco
37%
Blasters Rapid Blaster Deco
37%
Blasters S-BLAST '91
37%
Splatanas Splatana Wiper Deco
37%
Special Weapons Super Chump
37%
Chargers Custom Goo Tuber
36%
Sloshers Tri-Slosher Nouveau
36%
Special Weapons Zipcaster
36%
Sub Weapons Angle Shooter
35%
Blasters Clash Blaster Neo
35%
Special Weapons Ultra Stamp
35%
Splatlings Zink Mini Splatling
35%
Brellas Sorella Brella
34%
Dualies Custom Dualie Squelchers
33%
Brushes Octobrush Nouveau
32%
Blasters Rapid Blaster Pro Deco
32%
Brushes Inkbrush Nouveau
31%
Shooters L-3 Nozzlenose D
30%
Special Weapons Splattercolor Screen
30%
Dualies Dapple Dualies Nouveau
29%
Stringers REEF-LUX 450 Deco
29%
Shooters H-3 Nozzlenose D
28%
Splatlings Ballpoint Splatling Nouveau
27%
Rollers Big Swig Roller Express
27%
Brushes Painbrush Nouveau
26%
Special Weapons Tenta Missles
26%
Chargers Snipewriter 5B
25%
Stringers Inkline Tri-Stringer
22%
Brellas Tenta Sorella Brella
22%
Brellas Undercover Sorella Brella
22%
Shooters N-ZAP '95
18%
Splatanas Neo Splatana Stamper
6%
No matching quizzes found
Score Distribution
Percent of People with Each Score
Percentile by Number Answered
Your Score History
You have not taken this quiz